000 00375 a2200145 4500
001 165773
020 _a
040 _cMagnum
100 _aCastellani Filho, Lino
240 1 0 _aEducacao fisica no brasil: a historia que nao se conta
_lpor
245 1 0 _aEducacao fisica no brasil: a historia que nao se conta
362 0 _a1899
697 _aEDUCACAO FISICA
942 _cBK
999 _c165773
_d165773